Vista normal Vista MARC

Entrada Topical Term

Número de registros utilizados en: 1

001 - CONTROL NUMBER

  • control field: 41192

003 - CONTROL NUMBER IDENTIFIER

  • control field: OSt

005 - DATE AND TIME OF LATEST TRANSACTION

  • control field: 20211015145308.0

008 - FIXED-LENGTH DATA ELEMENTS

  • fixed length control field: 211015|| aca||aabn | a|a d

040 ## - CATALOGING SOURCE

  • Original cataloging agency: OSt
  • Transcribing agency: OSt

150 ## - HEADING--TOPICAL TERM

  • Topical term or geographic name entry element: Industria cafetera

670 ## - SOURCE DATA FOUND

  • Source citation: Work cat.: (OSt)12626: Asamblea ( 68o. : 2005 : Bogotá ) 41191, Café colombiano : , 2005.